Temas selecto de morfología y fisiología

Bibliographic Details
Main Author: Vargas Ocampo, Francisco
Format: Section = Libro
Language:Undetermined
Spanish
Published: México Limusa 2003
Subjects:
LEADER 00572nam a2200217Ia 4500
008 240829s9999 xx 000 0 und d
020 |a 968-18-6426-3 
040 |a BIBLIOTECA-RUSB/ 612 V297 
041 |a spa 
082 |a 612 V297 
100 1 |a Vargas Ocampo, Francisco 
245 1 0 |a Temas selecto de morfología y fisiología 
260 |a México  |b Limusa  |c 2003 
300 |a 62 p. :il. 
650 7 |a FISIOLOGIA 
650 7 |b  MORFOLOGIA 
650 7 |c  NUTRICION - PROCESOS VITALES 
650 7 |d  SISTEMA NEUROENDOCRINO 
942 |c BK  |2 ddc 
991 |a TEXTO 
999 |c 2659